000 00417nam a2200133Ia 4500
003 GCL
008 140319s9999 xx 000 0 ara d
040 _aGCL /
_cGCL
082 0 4 _a327.112
_bم س
245 1 0 _aالسلام الشامل او الدماء الشامل
260 _a[S.N] :
_bالصلاح للدرسات الاستراتجية والانتاج الاعلامى ،
_c1991
300 _a303 ص
490 _a
999 _c28801
_d28801